Z jednání výbru České psychiatrické společnosti 2. září 1998

Bibliographic Details
Main Author: Baudiš, Pavel (Author)
Format: Article
Language:Czech
ISSN:1212-0383
Subjects:

MARC

LEADER 00000nab a2200000 a 4500
001 vtls000682838
003 SK-MaSNL
005 20260302181004.0
008 141112c1998 xo 0 cze
015 |a SNBRB1999/01-00100 
035 |a CLN000035005 
040 |a SNKBUCL  |b slo  |c SNKBUCL  |e AACR2 
041 0 |a cze 
044 |a xo  |c SK 
080 |a 616.89:061.22(437.1/.2)  |2 1997 
100 1 |a Baudiš, Pavel  |4 aut  |9 515683 
245 1 0 |a Z jednání výbru České psychiatrické společnosti 2. září 1998  |c Pavel Baudiš 
610 7 |a Česká psychiatrická spoločnosť  |b Výbor  |x zasadanie  |y 2.9.1998  |2 snkbucl  |9 890915 
655 7 |a články z novín a časopisov  |2 snkbucl  |9 267496 
773 0 |t Česká a slovenská psychiatrie  |g Roč. 94, č. 8 (1998), s. 505  |x 1212-0383 
850 |a Slovenská národná knižnica v Martine 
852 |a SNK  |b KIS3GCP 
958 |a CZ 
999 |c 1412521  |d 1414451